| 000 | 00543nam a2200217Ia 4500 | ||
|---|---|---|---|
| 003 | GCL | ||
| 008 | 140319s9999 xx 000 0 eng d | ||
| 040 |
_aGCL / _cGCL |
||
| 082 | 0 | 4 |
_aCC _b916.2 _bB E |
| 100 | 1 | _aDURRELL, LAWRENCE | |
| 245 | 1 | 0 |
_aEGYPT / _cDURRELL, LAWRENCE |
| 700 | 1 | _aBOHM, DOROTHY | |
| 700 | 1 | _aJEFFREY, IAN | |
| 260 |
_a[S.N] : _bTHAMES AND HUDSON ، _c1989 |
||
| 300 | _a112 P | ||
| 650 | 0 | 4 | _aHISTORY |
| 650 | 0 | 4 | _aEGYPT - DESCRIPTION |
| 650 | 0 | 4 | _aEGYPT - TRAVELS |
| 650 | 0 | 4 | _aEGYPT - PHOTOS |
| 942 |
_2ddc _cBK |
||
| 999 |
_c15957 _d15957 |
||